000 00391nam a22001697a 4500
005 20160629164735.0
008 160629b xxu||||| |||| 00| 0 eng d
020 _a81-7554-257-8
041 _aeng
082 _b10852
100 _aSampson, eleri
_93231
245 _aCreative Business Presontations
260 _bkogan
_c2004
300 _a203
650 _aManagement
_9241
942 _cBK
999 _c4756
_d4754